| 000 | 00807nam a2200241 u 4500 | ||
|---|---|---|---|
| 005 | 20210223133304.0 | ||
| 008 | 170522s2009 r 000 0 eng d | ||
| 020 | _a9786074770278 (13 dígitos) | ||
| 020 | _a9706541985 (10 dígitos) | ||
| 035 | _aUPN01000218044 | ||
| 049 | _aF | ||
| 050 | 4 |
_aF2235.3 _bM3.3 |
|
| 100 | 1 |
_aMartí, José, _d1853-1895 |
|
| 245 | 1 | 0 |
_aDocumentos sobre nuestra América / _cJosé Martí ; Simón Bolívar. |
| 260 |
_aMéxico : _bUAM, Unidad Xochimilco, _cc2009. |
||
| 300 | _a42 p. | ||
| 440 | 0 |
_aCuadernos. _pPolítica y cultura |
|
| 600 | 1 | 4 |
_aBOLIVAR, SIMON, _d1783-1830 - _vCORRESPONDENCIA, MEMORIAS, ETC. _95446 |
| 600 | 1 | 4 |
_aMARTI, JOSE, _d1853-1895 - _vCORRESPONDENCIA, MEMORIAS, ETC. _924232 |
| 700 | 1 | _aBolívar, Simón, | |
| 905 | _aLibro | ||
| 999 |
_c190144 _d190144 |
||